Cena ako akcelerátor krízového vývoja
Analýza súčasného stavu vyvolaného finančnou krízou a sústredenie pozornosti odbornej a laickej verejnosti na príčiny. Analýza správania sa trhu ako celku. Nedostatok pracovných príležitostí a zníženie kúpyschopnosti obyvateľstva. Limity a impulzy trhovej ceny. Nutnosť intervencie štátu do fungovani...
Saved in:
| Main Author: | |
|---|---|
| Format: | Book Chapter |
| Language: | Slovak |
| Subjects: | |
| Tags: |
No Tags, Be the first to tag this record!
|
MARC
| LEADER | 00000nla$a2200000$$$4500 | ||
|---|---|---|---|
| 001 | 0109093 | ||
| 005 | 20240626120759.7 | ||
| 041 | 0 | |a slo | |
| 044 | |a SK | ||
| 245 | 1 | 0 | |a Cena ako akcelerátor krízového vývoja |c Stanislav Morong |
| 520 | |a Analýza súčasného stavu vyvolaného finančnou krízou a sústredenie pozornosti odbornej a laickej verejnosti na príčiny. Analýza správania sa trhu ako celku. Nedostatok pracovných príležitostí a zníženie kúpyschopnosti obyvateľstva. Limity a impulzy trhovej ceny. Nutnosť intervencie štátu do fungovania trhu. Trh s mliekarenskou produkciou. | ||
| 610 | 2 | 0 | |a kríza finančná |
| 610 | 2 | 0 | |a kríza hospodárska |
| 610 | 2 | 0 | |a trh |
| 610 | 2 | 0 | |a spotrebitelia |
| 610 | 2 | 0 | |a kúpyschopnosť |
| 610 | 2 | 0 | |a ceny |
| 610 | 2 | 0 | |a poľnohospodárstvo |
| 610 | 2 | 0 | |a mlieko |
| 100 | 1 | |a Morong, Stanislav | |